000 00826nam a22001577a 4500
003 OSt
005 20151006135446.0
008 151006b xxu||||| |||| 00| 0 eng d
040 _cRUA
082 _aAVM LIM 1997 B070 Or.1
100 _92160
_aLIM, BUNTHON.
245 _aEpidemiolgical surveillance of parasitic diseases in cattle and the impact of anti parasitic drug availabe in cambodia in kandal-takeo province, ការអង្គេតស្ថានភាពរាតត្បាតនៃប៉ារ៉ាស៊ីតលើគោ និងផលប៉ះពាល់នៃការប្រើប្រាស់ថ្នាំដែលមាននៅកម្ពុជានៅខេត្តកណ្តាល~តាកែវ.
260 _aphnom phen
_bRUA
_c1996
300 _a66p.
_bill.
_c29cm.
942 _2ddc
_cAVM
999 _c2032
_d2032